| 000 | 01272cad a22002295a 4500 | ||
|---|---|---|---|
| 001 | L160083 | ||
| 008 | 120529s2010 xxk g 000 0 eng d | ||
| 035 | _a(Sirsi) u160083 | ||
| 041 | 0 | _aeng | |
| 110 | _aFederation International Des Geometres | ||
| 111 | 2 |
_aFIG Working Week 2010 _bSydney, Australia _c11-16 April 2010 |
|
| 245 | 0 | 0 |
_aOpportunities for linking young surveyors across professional surveying member organisations and FIG _h[electronic resource] |
| 260 |
_aSydney _bFIG _c2010 |
||
| 520 | _aExplains the development of surveying across the United Kingdom from a historical perspective. It continues by reviewing the change within the RICS as it has moved towards its present role as a global organisation. The method of training surveyors within the RICS is discussed and then related to its provision for young trainee surveyors. The development of its networking group known as RICS matrics is explained. | ||
| 650 | 2 | 4 | _aTRAINING AND EDUCATION |
| 650 | 2 | 4 | _aSURVEYING |
| 650 | 2 | 4 | _aABOUT RICS-RICS MATRICS |
| 690 | _aABOUT RICS | ||
| 700 | 1 | _aGoodhead, Tim | |
| 856 | 4 | 0 |
_uhttps://fig.net/resources/proceedings/fig_proceedings/fig2010/ppt/ts07h/ts07h_goodhead_ppt_3919.pdf _zView the presentation free of charge at www.fig.net |
| 942 |
_n0 _2ddc |
||
| 999 |
_c116200 _d116200 |
||